000 00429nam a2200181Ia 4500
001 25337
005 20260414151143.0
008 260414t1961||||xx |||||||||||||| ||spa||
041 _aESP
082 _a346.5
_bB24A
100 _aLeon Barandiaran, José
_eAUT
245 0 _aManual del acto jurídico
_b
260 _c1961
300 _a111 páginas :
_c25 cm.
650 _aDER
654 _aCDE
942 _cLIB
_dJUS
_fJUS
_2ddc
_n
999 _c25337
_d25337